000
00219 a2200097 4500
001
48240
100
_a
Agha Shoresh Kashmire
245
_a
Iqbal Pyambar Inqlab
260
_a
Lahore
_b
Ferozsons
_c
090
_c
31195
_d
31195
942
_a
NUST-CAE
_c
M
_c
23553
999
_c
283313
_d
283313